000 00322nam a22001337a 4500
020 _a817826312-2
082 _a823
_bDOY/R
100 _aSIR ARTHUR CONAN DOYLE
245 _aTHE RETURN OF SHERLOCK HOLMES
260 _aDELHI
_bROHAN BOOK COMPANY
_c2003
300 _a224
650 _aMODERN ILLUSTRATED CLASSICS
942 _cBK
999 _c360
_d360